[Event "Northwest Chess Open"]
[Site "Seattle, WA"]
[Date "2013.12.14"]
[Round "3"]
[White "Chen Kevin  (WA)"]
[Black "Cross Jason  (WA)"]
[Result "0-1"]
[WhiteElo "1590"]
[BlackElo "1671"]
[Annotator ""]
[Source ""]
[Remark ""]

1.e4 c6 2.d4 d5 3.Nc3 dxe4 4.Nxe4 Bf5 5.Ng3 Bg6 6.h4 h6 7.Nf3
Nd7 8.h5 Bh7 9.Bc4 e6 10.Bf4 Ngf6 11.O-O Nd5 12.Bxd5 cxd5 13.Qe2
Rc8 14.Rfe1 ( 14.Rac1 Be7 15.c4 dxc4 16.Rxc4 Rxc4 17.Qxc4 O-O
18.Bc7 Qc8 19.Rc1 Nf6 20.b4 Nd5 21.b5 Ba3 22.Bf4 Qxc4 23.Rxc4
Nxf4 24.Ra4 Bd6 25.Rxa7 Rb8 26.Nd2 Bc7 27.Nc4 Nd5 28.Na5 Bxa5
29.Rxa5 Bd3 30.a4 b6 31.Ra7 Rc8 32.f3 f5 33.Nh1 Rc1+ 34.Kh2 Ra1
35.g4 fxg4 36.fxg4 Bc2 37.Ng3 Rxa4 38.Rxa4 Bxa4 {0-1, Kim Tatyana - Rajadharshini M (IND) 2090, Bishkek (Kyrgyzstan) 2006.09}
) Be7 15.b3 Ba3 16.Rad1 Rxc2 17.Rd2 Rxd2 18.Qxd2 O-O 19.Qc3 Qc8
20.Qa5 Be7 21.Rc1 Qb8 22.Rc7 Bd8 23.Qb5 Bxc7 24.Bxc7 Qc8 25.Bd6
Re8 26.a4 Qc6 27.Qb4 a5 28.Qa3 Rc8 29.Bf4 b5 30.axb5 Qxb5 31.Bd2
a4 32.bxa4 Ra8 33.a5 Nb6 34.Ne5 f6 35.Qe7 Qe8 36.Qb7 Rb8 37.Qa7
fxe5 38.axb6 Ra8 39.Qc7 Ra1+ 40.Kh2 Rb1 41.Ba5 exd4 42.Qc5 d3
43.Bb4 Qd8 44.Kh3 Bf5+ 45.Nxf5 exf5 46.Qd4 d2 47.Bxd2 Rxb6 48.Bc3
Rb7 49.Qe5 Qg5 50.Qxd5+ Kh7 51.Qe5 Qxh5+ 52.Kg3 f4+ 0-1

[Event "Northwest Chess Open"]
[Site "Seattle, WA"]
[Date "2013.12.14"]
[Round "1"]
[White "Seshadri Sridhar  (WA)"]
[Black "Cross Jason  (WA)"]
[Result "1-0"]
[WhiteElo "1674"]
[BlackElo "1671"]
[Annotator ""]
[Source ""]
[Remark ""]

1.Nf3 d5 2.d4 c5 3.e3 Nc6 4.Be2 Bg4 5.O-O Nf6 6.Nc3 e6 7.a3 a5
8.Qd2 Be7 9.Ne5 Bxe2 10.Nxc6 bxc6 11.Nxe2 Ne4 12.Qd1 c4 13.c3
a4 14.f3 Nd6 15.Qc2 O-O 16.e4 Nb7 17.Bf4 Qb6 18.Kh1 Na5 19.exd5
cxd5 20.Ng3 Nb3 21.Rae1 Bd6 22.Bxd6 Qxd6 23.Re5 Rfb8 24.Qe2 Ra6
25.Re1 Rab6 26.Qe3 Na5 27.Qg1 Rxb2 28.Nf5 Qxa3 29.Qe3 Qa2 30.Qg5
g6 31.Nh6+ Kg7 {%00þ} 32.Nxf7 Kxf7 33.Rxe6 Rb1 34.Re7+ Kg8
35.Qxd5+ Kh8 36.Qe5+ 1-0

[Event "Northwest Chess Open"]
[Site "Seattle, WA"]
[Date "2013.12.14"]
[Round "1"]
[White "Anthony Ralph  (WA)"]
[Black "Pothukuchi Revanth  (WA)"]
[Result "1/2-1/2"]
[WhiteElo "1701"]
[BlackElo "1209"]
[Annotator ""]
[Source ""]
[Remark ""]

1.e4 e5 2.Nf3 Nc6 3.Bb5 Nf6 4.O-O Nxe4 5.d4 a6 6.Bxc6 bxc6 7.Nxe5
Be7 8.Qg4 Ng5 9.Qe2 O-O 10.Nc3 Bb7 11.Be3 d6 12.Nf3 Nxf3+ 13.Qxf3
Bf6 14.Rad1 Rb8 15.Ne4 Be7 16.Qe2 f5 17.Nc3 f4 18.Bc1 c5 19.Rfe1
Bg5 20.dxc5 f3 21.Qe6+ Kh8 22.cxd6 Bxc1 23.Rxc1 fxg2 24.Rcd1
Rf6 25.dxc7 Qxc7 26.Qd7 Qb6 27.Re8+ Rf8 28.Rxf8+ Rxf8 29.Qd4
Qxd4 30.Rxd4 Re8 31.Rd1 Bf3 32.Rc1 h5 33.h3 h4 34.Kh2 1/2-1/2

[Event "Northwest Chess Open"]
[Site "Seattle, WA"]
[Date "2013.12.14"]
[Round "1"]
[White "Haining Breck  (WA)"]
[Black "Bonrud Neal  (WA)"]
[Result "0-1"]
[WhiteElo "1391"]
[BlackElo "1831"]
[Annotator ""]
[Source ""]
[Remark ""]

1.e4 e5 2.Nf3 Nf6 3.Nxe5 d6 4.Nxf7 Kxf7 5.Bc4+ Be6 6.Bxe6+ Kxe6
7.Qf3 Nc6 8.c3 Be7 9.d4 Kf7 10.O-O Rf8 11.Bf4 Kg8 12.Qd3 Kh8
13.Nd2 Nh5 14.Be3 Bg5 15.Qb5 Bxe3 16.fxe3 Rxf1+ 17.Rxf1 Nf6 18.Qxb7
Ne7 19.Qb3 Qg8 20.c4 a5 21.Qc3 Qe6 22.e5 dxe5 23.dxe5 Ng4 24.Nf3
Ng6 25.Ng5 Qe7 26.Nf7+ Kg8 27.Qd4 N4xe5 28.Nxe5 Qxe5 29.Qd5+
Qxd5 30.cxd5 Re8 31.Kf2 Rf8+ 32.Ke2 Rxf1 33.Kxf1 Kf7 34.e4 Kf6
35.Kf2 Ke5 36.Ke3 Nf8 37.Kd3 Nd7 38.g3 g5 39.h3 h5 40.b3 Nc5+
41.Kc4 Nxe4 42.g4 h4 43.b4 axb4 44.Kxb4 Kxd5 45.Kb5 Nc3+ 0-1

[Event "Northwest Chess Open"]
[Site "Seattle, WA"]
[Date "2013.12.14"]
[Round "2"]
[White "Cross Jason  (WA)"]
[Black "Haining Breck  (WA)"]
[Result "1-0"]
[WhiteElo "1671"]
[BlackElo "1391"]
[Annotator ""]
[Source ""]
[Remark ""]

1.e4 g6 2.Nc3 Bg7 3.f4 d6 4.Bc4 Nf6 5.Nf3 Nxe4 6.Bxf7+ Kxf7 7.Nxe4
h6 8.O-O Nc6 9.c3 Bf5 10.d3 e6 11.Ng3 Bg4 12.Ng5+ hxg5 13.Qxg4
gxf4 14.Bxf4 Qe8 15.Bxd6+ Kg8 16.Bxc7 Ne5 17.Bxe5 Bxe5 18.Rae1
Bg7 19.Rxe6 Qd7 20.Qxg6 Rh6 21.Qxh6 Bxh6 22.Rxh6 Qxd3 23.Rhf6
Re8 24.R6f3 Qd2 25.R3f2 Qe3 26.Nf5 Qc5 27.Nd4 b5 28.Rf5 Re5 29.Rxe5
Qxe5 30.h3 Qe3+ 31.Kh2 Qd2 32.Nxb5 Qxb2 33.Nxa7 Qxa2 34.Nc6 Qa3
35.Kh1 Qxc3 36.Ne7+ Kg7 37.Nf5+ Kh7 38.Rf3 Qe1+ 39.Kh2 Qe5+ 40.Ng3
Qd6 41.Rf5 Kg6 42.h4 Kh7 43.Kh3 Qe6 44.h5 Qc4 45.Rg5 Qf4 46.Rg4
Qe3 47.Kh4 Qe7+ 48.Rg5 Qb4+ 49.Rg4 Qe7+ 50.Kh3 Qe6 51.Ne4 Qb3+
52.Kh4 Qe6 53.Ng5+ 1-0

[Event "Northwest Chess Open"]
[Site "Seattle, WA"]
[Date "2013.12.14"]
[Round "2"]
[White "Dorfner Gary  (WA)"]
[Black "Piper August  (WA)"]
[Result "0-1"]
[WhiteElo "1240"]
[BlackElo "1500"]
[Annotator ""]
[Source ""]
[Remark ""]

1.e4 c5 2.c4 d6 3.Nf3 Nf6 4.d3 g6 5.Be2 Bg7 6.O-O Nc6 7.Be3 Bd7
8.Nc3 a6 9.h3 h6 10.Qd2 Qc7 11.Nd5 Nxd5 12.cxd5 Na7 13.Rab1 a5
14.b3 g5 15.Qe1 Nb5 16.Bd2 Na3 17.Rc1 Bb2 18.Bc3 Bxc1 19.Bxh8
Bf4 20.Qd1 f6 21.Bg7 h5 22.g3 Bxh3 23.Re1 Kf7 24.gxf4 Kxg7 25.fxg5
Qd7 26.Nh4 fxg5 27.Qd2 Kh6 28.Nf5+ Bxf5 29.exf5 Qxf5 30.Qe3 Re8
31.Bf3 Nc2 32.Qe6+ Qxe6 33.Rxe6+ Kg7 34.Bxh5 Nd4 35.Bxe8 Nxe6
36.Bb5 Nd4 37.Bd7 Kf6 38.Bg4 Ke5 39.Kg2 Kxd5 40.Kg3 e5 41.f3
Nc2 42.Bh5 Nb4 43.Bg6 Kd4 0-1

[Event "Northwest Chess Open"]
[Site "Seattle, WA"]
[Date "2013.12.14"]
[Round "3"]
[White "Anthony Ralph  (WA)"]
[Black "Spasic Petar  (WA)"]
[Result "1-0"]
[WhiteElo "1701"]
[BlackElo "1179"]
[Annotator ""]
[Source ""]
[Remark ""]

1.e4 c5 2.Nf3 d6 3.d4 cxd4 4.Nxd4 Nf6 5.f3 g6 6.c4 Bg7 7.Nc3
O-O 8.Be3 Nc6 9.Nc2 a6 10.Be2 Nd7 11.O-O Nde5 12.Qd2 Be6 13.Nd5
Bxd5 ( 13...Rc8 14.Rad1 Re8 15.Bb6 Qd7 16.Nce3 Nb8 17.f4 Ng4
18.b3 Nxe3 19.Bxe3 Bxd5 20.Qxd5 Qc6 21.Bg4 e6 22.Qxc6 Rxc6 23.Rd3
Bf8 24.Rfd1 Rcc8 25.Bc1 Nc6 26.a3 h5 27.Bh3 b5 28.cxb5 axb5 29.Bb2
Na5 30.R1d2 Nb7 31.b4 Rc4 32.g3 Rb8 33.Bg2 Bg7 34.Bxg7 Kxg7 35.Kf2
Kf8 36.Ke3 Ke7 37.Bf1 Rc6 38.Be2 Nd8 39.g4 hxg4 40.Bxg4 Ra8 41.Rb3
Ra7 42.Be2 Rb7 43.Rdd3 Rc1 44.Kd2 Rh1 45.Rh3 Ra1 46.Rbc3 Ra2+
47.Ke1 e5 48.fxe5 dxe5 49.Bg4 Ne6 50.Bxe6 Kxe6 51.Rc6+ Ke7 52.Rc5
Ke6 53.Rc6+ Ke7 54.Rc5 Ke6 55.Rd3 Rxh2 56.Rdd5 Ra7 57.Rc6+ Ke7
58.Rxe5+ Kd7 59.Rc3 Ra2 60.Rd3+ Kc6 61.Rc5+ Kb6 62.Rd6+ Kb7 63.Rd7+
Kb6 64.Rxa7 Kxa7 65.Rc7+ Kb6 66.Rxf7 Rxa3 67.Kd2 Rb3 68.Rf6+
Kc7 69.Rxg6 Rxb4 {1/2-1/2, Neumann Frank (GER) 2106 - Zeller Joerg, Germany 1994}
) 14.exd5 Na5 15.b3 Nexc4 16.bxc4 Bxa1 17.Rxa1 Rc8 18.Bh6 Re8
19.Qd4 f6 20.Qg4 f5 21.Qd4 e5 22.dxe6 Qe7 23.Ne3 Nc6 24.Qb2 Ne5
25.f4 Qxe6 26.fxe5 Qxe5 27.Qxe5 Rxe5 28.Bf3 b5 29.Bd5+ Kh8 30.Bf4
Ree8 31.Kf2 bxc4 32.Nxc4 Rxc4 33.Bxc4 Re4 34.Bxa6 Rxf4+ 35.Ke3
Re4+ 36.Kd3 Ra4 37.Bb5 Rb4 38.a4 Kg7 39.Kc3 Re4 40.a5 Re7 41.a6
Ra7 42.Kd4 Kf6 43.Bc6 g5 44.Bb7 Ke7 45.Re1+ Kd7 46.Kd5 1-0

[Event "Northwest Chess Open"]
[Site "Seattle, WA"]
[Date "2013.12.15"]
[Round "4"]
[White "Cross Jason  (WA)"]
[Black "Vaintroub Maximilian  (WA)"]
[Result "0-1"]
[WhiteElo "1671"]
[BlackElo "1844"]
[Annotator ""]
[Source ""]
[Remark ""]

1.e4 c5 2.Nc3 Nc6 3.f4 d6 4.Bb5 Bd7 5.Nf3 g6 6.f5 gxf5 7.O-O
fxe4 8.Nxe4 Qb6 9.Qe1 O-O-O 10.a4 a6 11.Bxc6 Bxc6 12.a5 Qa7 13.Nfg5
c4+ 14.Qf2 Qxf2+ 15.Rxf2 Bxe4 16.Nxe4 f6 17.Ra4 d5 18.Nc5 e5
19.Ne6 Re8 20.Nxf8 Rxf8 21.b3 cxb3 22.cxb3 Nh6 23.d3 Ng8 24.Rc2+
Kd7 25.Rb4 Rb8 26.Rb6 f5 27.Ba3 Ne7 28.Bd6 Rbc8 29.Rxc8 Nxc8
30.Bxe5 Nxb6 31.Bxh8 Nc8 32.Bd4 Ne7 33.b4 Nc6 34.Bc5 Ne5 35.d4
Nd3 36.Bf8 Kc6 37.Kf1 Kb5 38.Ke2 Nxb4 39.Kf3 Kxa5 40.Kf4 Nc2
41.Kxf5 Nxd4+ 42.Ke5 Ne2 43.Bh6 b5 44.Bd2+ Ka4 45.Kxd5 b4 46.Kc4
b3 47.Kd3 Ka3 48.Kxe2 b2 0-1

[Event "Northwest Chess Open"]
[Site "Seattle, WA"]
[Date "2013.12.15"]
[Round "4"]
[White "Pothukuchi Revanth  (WA)"]
[Black "Gomez J C  (WA)"]
[Result "0-1"]
[WhiteElo "1209"]
[BlackElo "1514"]
[Annotator ""]
[Source ""]
[Remark ""]

1.e4 e5 2.Nf3 Nf6 3.Nxe5 d6 4.Nf3 Nxe4 5.Nc3 Nxc3 6.dxc3 Be7
7.Bc4 O-O 8.O-O Bg4 9.Qd3 Nd7 10.Bd2 Nc5 11.Qe3 Re8 12.Bxf7+
Kxf7 13.Qf4+ Bf6 14.Qxg4 Ne4 15.Be3 d5 16.Rad1 c6 17.Qf4 Kg8
18.Nd2 Be5 19.Qg4 Nf6 20.Qg5 Qc7 21.Nf3 Ne4 22.Qf5 Bd6 23.Bd4
Rf8 24.Qe6+ Kh8 25.Ne5 Rf6 26.Ng6+ Rxg6 27.Qh3 Be5 28.Bxe5 Qxe5
29.f4 Qc7 30.Rde1 Qb6+ 31.Re3 Qxb2 32.c4 Qxc2 33.cxd5 cxd5 34.Rd3
Qc5+ 35.Re3 Re8 36.Rfe1 Rge6 37.Qh5 Nf6 38.Qf3 Rxe3 39.Rxe3 Qxe3+
40.Qxe3 Rxe3 41.Kf2 Re8 42.h3 d4 43.g4 d3 44.g5 Nd7 45.f5 d2
46.h4 d1Q 47.Kg3 Re4 48.Kf2 Qd3 49.h5 Re2+ 50.Kf1 Qd1# 0-1

[Event "Northwest Chess Open"]
[Site "Seattle, WA"]
[Date "2013.12.15"]
[Round "4"]
[White "Peterson Chris  (WA)"]
[Black "Olson Travis  (WA)"]
[Result "1/2-1/2"]
[WhiteElo "1843"]
[BlackElo "1841"]
[Annotator ""]
[Source ""]
[Remark ""]

1.e4 c5 2.Nf3 g6 3.d4 cxd4 4.Nxd4 Nc6 5.Nc3 Bg7 6.Be3 Nf6 7.f4
O-O 8.e5 Ne8 9.h4 h5 10.g4 hxg4 11.h5 gxh5 12.Rxh5 Nxd4 13.Bxd4
d6 14.Qd3 f5 15.exf6 Nxf6 16.Bxf6 Rxf6 17.Qh7+ Kf7 18.Ne4 Rg6
19.Bc4+ e6 20.f5 Rf6 21.Ng5+ Kf8 22.Nxe6+ {?} ( 22.Bxe6 Bxe6
23.Nxe6+ Rxe6+ 24.fxe6 { +-} ) Bxe6 23.Bxe6 { $16} Qa5+ 24.Kd1
Rxe6 25.fxe6 Qc7 26.Rf5+ Ke8 27.Qg8+ Ke7 28.Rf7+ ( 28.Qxg7+ Kxe6
29.Rf6+ Kd5 30.Qxc7 ) Kxe6 29.Rxc7+ {?} ( 29.Rf8+ Ke5 30.Rxa8 )
Rxg8 30.Ke1 {%02$17/$19} ( 30.c3 $16 ) Bxb2 31.Rb1 Bd4 32.c3
Bb6 33.Rxb6 axb6 34.Rxb7 g3 35.Kf1 g2+ 36.Kg1 Ra8 37.Rxb6 Rxa2
38.Rb4 Kd5 39.Rg4 Kc5 40.Kh2 Rc2 41.Kg1 d5 42.Kh2 Kd6 43.Rg5
Ke6 44.Rxg2 Rxc3 45.Re2+ Kd6 46.Kg2 Kc5 47.Kf2 Kc4 48.Ke1 Rd3
49.Ra2 Kd4 50.Ke2 Ke4 51.Ra4+ d4 52.Ra5 Re3+ 53.Kd2 Rf3 54.Ra4
Rh3 55.Kd1 Kd5 56.Ke1 Ke5 57.Kd2 1/2-1/2

[Event "Northwest Chess Open"]
[Site "Seattle, WA"]
[Date "2013.12.15"]
[Round "4"]
[White "Nagase Masayuki  (WA)"]
[Black "Bonrud Neal  (WA)"]
[Result "1-0"]
[WhiteElo "1926"]
[BlackElo "1831"]
[Annotator ""]
[Source ""]
[Remark ""]

1.d4 d5 2.c4 dxc4 3.e3 e5 4.Bxc4 exd4 5.exd4 Nf6 6.Nf3 Be7 7.h3
O-O 8.Nc3 Nbd7 9.O-O Nb6 10.Bb3 h6 11.Re1 a5 12.a3 Bf5 13.Bf4
Rc8 14.Ne5 Nfd7 15.Qh5 Be6 16.Bxe6 fxe6 17.Qg4 Nxe5 18.Bxe5 Bf6
19.Qxe6+ Kh8 20.Rad1 Re8 21.Qg4 Bxe5 22.dxe5 Qe7 23.Qe4 c6 24.Qd4
Qc7 25.f4 Rcd8 26.Qc5 Nd7 27.Qe3 Qb6 28.Qxb6 Nxb6 29.b3 Nd5 30.Nxd5
cxd5 31.Rd3 g5 32.f5 Kg7 33.g4 b6 34.Kf2 Kf7 35.Re2 Kg7 36.Ke1
Kf7 37.Kd2 Kg7 38.Kc3 Rc8+ 39.Kd4 Rc5 40.Rc3 Rxc3 41.Kxc3 Kf7
42.Rc2 Rxe5 43.Kd4 Re4+ 44.Kxd5 Re3 45.Rc7+ Kf8 46.f6 Rxb3 47.Ke6
Re3+ 48.Kf5 Rf3+ 49.Kg6 Ke8 50.Ra7 Rf2 1-0